000
00322nam a22001337a 4500
003
OSt
005
20260210112617.0
008
260210b |||||||| |||| 00| 0 eng d
040
_c
Parliament of Kenya
082
_2
1st edition
_a
328.73
245
_a
The Senate Procedure Handbook
250
_a
1st edition
942
_2
ddc
_c
BK
999
_c
4145
_d
4145